[Event "World op 53rd"]
[Site "Philadephia"]
[Date "2025.07.03"]
[Round "1"]
[White "Cardoso Cardoso, Jose Gabriel"]
[Black "Karthi, Jashith"]
[Result "1-0"]
[WhiteElo "2532"]
[BlackElo "2113"]
[PlyCount "67"]
[EventDate "2025.07.03"]
[EventType "swiss"]
[EventRounds "9"]
[EventCountry "USA"]
[SourceTitle "CB28_2025"]
[SourceDate "2025.07.09"]
[SourceVersion "1"]
[SourceVersionDate "2025.07.09"]
[SourceQuality "1"]

1. d4 d5 2. c4 e6 3. Nc3 a6 4. cxd5 exd5 5. Bf4 Nf6 6. e3 c5 7. Nge2 Nc6 8. g3 cxd4 9. exd4 Bd6 10. Bg2 0-0 11. Bg5 Be6 12. 0-0 Be7 13. Nf4 Bg4 14. Qd3 h6 15. Bxf6 Bxf6 16. h3 Be6 17. Ncxd5 Bxd5 18. Bxd5 Bxd4 19. Rad1 Bf6 20. Qb3 Qc7 21. Bg2 Rab8 22. Nd5 Qe5 23. Nxf6+ Qxf6 24. Rd7 b6 25. Rfd1 Na5 26. Qb4 Qe6 27. b3 Qe5 28. Re1 Qb2 29. Bd5 Qxa2 30. Qf4 Kh8 31. Rxf7 Qa3 32. b4 Rfd8 33. Rxg7 Kxg7 34. Re7+ 1-0

[Event "Titled Tuesday intern op 01st Apr Early"]
[Site "Chess.com INT"]
[Date "2025.04.01"]
[Round "3"]
[White "Karthi, Jashith"]
[Black "Von Naso, Lancelot"]
[Result "0-1"]
[WhiteElo "2133"]
[BlackElo "2205"]
[PlyCount "78"]
[EventDate "2025.04.01"]
[EventType "swiss (blitz)"]
[EventRounds "11"]
[EventCountry "USA"]
[SourceTitle "CB15_2025"]
[SourceDate "2025.04.09"]
[SourceVersion "1"]
[SourceVersionDate "2025.04.09"]
[SourceQuality "1"]

1. Nf3 f5 2. d4 Nf6 3. c4 g6 4. Nc3 Bg7 5. g3 0-0 6. Bg2 d6 7. 0-0 Nc6 8. d5 Ne5 9. Nxe5 dxe5 10. e4 f4 11. gxf4 Nh5 12. f5 Nf4 13. Bxf4 exf4 14. fxg6 hxg6 15. f3 c5 16. dxc6 Qb6+ 17. Kh1 bxc6 18. Qb3 Qc5 19. Na4 Qh5 20. Rad1 Be6 21. Qc2 c5 22. Nc3 Kf7 23. Rf2 Bd4 24. Rxd4 cxd4 25. Ne2 Qe5 26. Qd2 Bxc4 27. Nxf4 Bxa2 28. Bf1 Kg7 29. Nd3 Qf6 30. e5 Qh4 31. Nc5 Bd5 32. Bg2 Rad8 33. f4 Bxg2+ 34. Rxg2 Qh3 35. Qc2 d3 36. Qc4 d2 37. Ne6+ Kh6 38. Nxd8 d1Q+ 39. Rg1 Qhf3# 0-1

[Event "North American-ch UNN"]
[Site "Dulles"]
[Date "2024.12.23"]
[Round "9"]
[White "Karthi, Jashith"]
[Black "Sun, Kevin"]
[Result "1/2-1/2"]
[WhiteElo "2018"]
[BlackElo "1985"]
[PlyCount "69"]
[EventDate "2024.12.18"]
[EventType "swiss"]
[EventRounds "9"]
[EventCountry "USA"]
[SourceTitle "CB02_2025"]
[SourceDate "2025.01.08"]
[SourceVersion "1"]
[SourceVersionDate "2025.01.08"]
[SourceQuality "1"]

1. d4 Nf6 2. c4 e6 3. Nc3 d5 4. cxd5 exd5 5. Bg5 c6 6. e3 Be7 7. Bd3 Nbd7 8. Qc2 Nh5 9. Bxe7 Qxe7 10. Nge2 g6 11. 0-0 0-0 12. Rae1 Ndf6 13. Ng3 Nxg3 14. hxg3 Qd6 15. Rd1 Re8 16. Rfe1 Bd7 17. b4 b6 18. a3 a5 19. Qb2 h5 20. bxa5 Rxa5 21. Qxb6 Rxa3 22. Nb1 Ra2 23. Rd2 Raa8 24. Qc5 Qxc5 25. dxc5 Ne4 26. Bxe4 Rxe4 27. Rd4 Ree8 28. Nd2 Ra5 29. Rc1 Rb8 30. e4 Be6 31. exd5 Bxd5 32. Ne4 Bxe4 33. Rxe4 Ra2 34. Rf4 Rbb2 35. Rd1 1/2-1/2

[Event "North American-ch UNN"]
[Site "Dulles"]
[Date "2024.12.22"]
[Round "8"]
[White "Karthi, Jashith"]
[Black "Khanbutaev, Artemiy"]
[Result "1-0"]
[WhiteElo "2018"]
[BlackElo "1994"]
[PlyCount "135"]
[EventDate "2024.12.18"]
[EventType "swiss"]
[EventRounds "9"]
[EventCountry "USA"]
[SourceTitle "CB02_2025"]
[SourceDate "2025.01.08"]
[SourceVersion "1"]
[SourceVersionDate "2025.01.08"]
[SourceQuality "1"]

1. d4 Nf6 2. c4 e6 3. Nf3 b6 4. g3 Bb7 5. Bg2 Bb4+ 6. Bd2 Be7 7. Nc3 0-0 8. Qc2 Nc6 9. 0-0 Nb4 10. Qb1 c5 11. dxc5 bxc5 12. e4 d5 13. exd5 exd5 14. a3 Na6 15. cxd5 Nc7 16. Rd1 Ncxd5 17. Nh4 Qc7 18. Nf5 Rfe8 19. Nxd5 Bxd5 20. Bxd5 Nxd5 21. Bh6 Bf8 22. Bxg7 Bxg7 23. Rxd5 Re5 24. Qd3 Rxd5 25. Qxd5 Rd8 26. Qf3 Bxb2 27. Re1 Bf6 28. Qg4+ Kh8 29. Qh5 c4 30. Nh6 Rf8 31. Qf5 Bg7 32. Ng4 Qd6 33. Ne5 Bxe5 34. Rxe5 c3 35. Re3 Qd4 36. Rd3 Qg7 37. Qc5 Re8 38. Rxc3 Qf6 39. Qc6 Qxc6 40. Rxc6 Kg7 41. Ra6 Re7 42. Kg2 Rb7 43. a4 Rc7 44. a5 Rb7 45. f4 f6 46. Kf3 Kf7 47. Kg4 Kg6 48. f5+ Kf7 49. Kh5 Kg7 50. h4 Rc7 51. g4 h6 52. Rd6 Re7 53. Rc6 Rd7 54. a6 Re7 55. Rc8 Rd7 56. Rb8 Kh7 57. Rb7 Rg7 58. g5 hxg5 59. hxg5 Kg8 60. Rb8+ Kf7 61. g6+ Ke7 62. Rb7+ Kf8 63. Rxg7 Kxg7 64. Kg4 Kf8 65. Kf3 Ke8 66. Ke4 Kf8 67. Kd5 Kg8 68. Kc6 1-0

[Event "North American-ch UNN"]
[Site "Dulles"]
[Date "2024.12.21"]
[Round "6"]
[White "Xia, Joshua"]
[Black "Karthi, Jashith"]
[Result "1/2-1/2"]
[WhiteElo "1994"]
[BlackElo "2018"]
[PlyCount "47"]
[EventDate "2024.12.18"]
[EventType "swiss"]
[EventRounds "9"]
[EventCountry "USA"]
[SourceTitle "CB02_2025"]
[SourceDate "2025.01.08"]
[SourceVersion "1"]
[SourceVersionDate "2025.01.08"]
[SourceQuality "1"]

1. e4 c5 2. Nf3 e6 3. d4 cxd4 4. Nxd4 Nf6 5. Nc3 Nc6 6. Nxc6 bxc6 7. e5 Nd5 8. Ne4 Qc7 9. f4 Rb8 10. a3 Qb6 11. Bd3 Be7 12. c4 f5 13. Nf2 Bc5 14. Qh5+ g6 15. Qe2 Ba6 16. b4 Bd4 17. cxd5 Bxf2+ 18. Qxf2 Bxd3 19. d6 Qxf2+ 20. Kxf2 Kf7 21. Be3 a5 22. Rhd1 Be4 23. bxa5 Rb5 24. a4 1/2-1/2

[Event "Wch U12"]
[Site "Montesilvano"]
[Date "2024.11.24"]
[Round "9"]
[White "Karthi, Jashith"]
[Black "Yerzhanuly, Yernur"]
[Result "1/2-1/2"]
[WhiteElo "2073"]
[BlackElo "1917"]
[PlyCount "140"]
[EventDate "2024.11.15"]
[EventType "swiss"]
[EventRounds "11"]
[EventCountry "ITA"]
[SourceTitle "CB48_2024"]
[SourceDate "2024.11.28"]
[SourceVersion "1"]
[SourceVersionDate "2024.11.28"]
[SourceQuality "1"]

1. d4 Nf6 2. c4 g6 3. f3 Bg7 4. e4 d6 5. Nc3 0-0 6. Be3 e5 7. Nge2 c6 8. Qd2 exd4 9. Nxd4 d5 10. cxd5 cxd5 11. e5 Nfd7 12. f4 Nc6 13. 0-0-0 Nxd4 14. Bxd4 f6 15. e6 Nb6 16. f5 gxf5 17. Bc5 Bxe6 18. Bxf8 Bxf8 19. Nb5 Rc8+ 20. Kb1 Nc4 21. Bxc4 Rxc4 22. Nd4 Bf7 23. Ka1 Qb6 24. Rhf1 Ra4 25. b3 Ra5 26. Nxf5 Ra3 27. Rf3 Qa6 28. Qb2 Ra5 29. Rdf1 Bg6 30. g4 Ba3 31. Qc2 Bc5 32. Qd2 Bb4 33. Qc2 Rc5 34. Qd3 Bc3+ 35. Kb1 Qa3 36. R3f2 a5 37. Ne7+ Kg7 38. Nxg6 hxg6 39. Rc2 d4 40. Qf3 Rc6 41. g5 f5 42. Qd5 Qe7 43. Qb5 Re6 44. Qd3 a4 45. Rxc3 dxc3 46. Qxc3+ Kf7 47. Rc1 axb3 48. Qxb3 Kg7 49. Qc3+ Kf7 50. Qh8 Qxg5 51. Qh7+ Kf6 52. Qh8+ Kf7 53. Rc7+ Re7 54. Qh7+ Ke6 55. Rxe7+ Qxe7 56. Qxg6+ Ke5 57. Qg3+ Kd4 58. Qf2+ Qe3 59. Qb2+ Kc4 60. Qc2+ Kb4 61. Qb2+ Kc4 62. Qxb7 Qg1+ 63. Kc2 Qxh2+ 64. Kd1 Qg1+ 65. Ke2 Qg4+ 66. Qf3 Qxf3+ 67. Kxf3 Kb4 68. Kf4 Ka3 69. Kf3 f4 70. Kxf4 Kxa2 1/2-1/2

[Event "Wch U12"]
[Site "Montesilvano"]
[Date "2024.11.23"]
[Round "8"]
[White "Aansh, Nandan Nerurkar"]
[Black "Karthi, Jashith"]
[Result "1-0"]
[WhiteElo "2247"]
[BlackElo "2073"]
[PlyCount "171"]
[EventDate "2024.11.15"]
[EventType "swiss"]
[EventRounds "11"]
[EventCountry "ITA"]
[SourceTitle "CB48_2024"]
[SourceDate "2024.11.28"]
[SourceVersion "1"]
[SourceVersionDate "2024.11.28"]
[SourceQuality "1"]

1. e4 c5 2. Nf3 e6 3. g3 Nc6 4. Bg2 Nf6 5. Qe2 e5 6. 0-0 Be7 7. c3 0-0 8. Na3 d6 9. d3 Re8 10. Nc4 h6 11. Ne3 Bf8 12. Nh4 b5 13. Bd2 Bb7 14. Rad1 a5 15. Ng4 Nxg4 16. Qxg4 Bc8 17. Qf3 g6 18. Be3 Bg7 19. Qe2 b4 20. Nf3 Be6 21. c4 Bg4 22. h3 Bxf3 23. Bxf3 Qe7 24. Qd2 Kh7 25. Kg2 Nd8 26. h4 h5 27. Rh1 Rh8 28. g4 Kg8 29. gxh5 gxh5 30. Qe2 Ne6 31. Bxh5 Kf8 32. Qf3 Bf6 33. Bg4 Bxh4 34. Rdg1 Bf6 35. Kf1 Rxh1 36. Qxh1 Qd7 37. Qf3 Ke7 38. Rh1 Rg8 39. Rh6 Rg6 40. Rxg6 fxg6 41. Qh3 Bg7 42. Qh7 Kf6 43. Qg8 Qf7 44. Qa8 Qc7 45. Bxe6 Kxe6 46. Bg5 Kf7 47. Qd5+ Kf8 48. Qe6 a4 49. Qxg6 Qd7 50. Ke1 b3 51. axb3 axb3 52. Kd2 Qc7 53. Qe6 Qa5+ 54. Ke2 Qc7 55. Ke3 Qa7 56. Ke2 Qc7 57. Kf1 Qa7 58. Kg2 Qc7 59. Kg3 Qa7 60. Kg2 Qc7 61. f3 Qa7 62. Qxd6+ Kg8 63. Bd2 Qa1 64. Bc3 Qd1 65. Qxc5 Qc2+ 66. Kg3 Qd1 67. Qc8+ Kh7 68. Qh3+ Kg8 69. Qe6+ Kh7 70. Qh3+ Kg8 71. Qg2 Qxd3 72. Qd2 Qf1 73. Kg4 Qg1+ 74. Kf5 Qg3 75. Qd5+ Kh7 76. Ke6 Qh3+ 77. Ke7 Qh4+ 78. Kd7 Qh3+ 79. Kc7 Qxf3 80. c5 Qf6 81. c6 Qe7+ 82. Kb6 Qf6 83. Kb7 Bf8 84. c7 Qe7 85. Qxe5 Qh4 86. Qh8+ 1-0

[Event "Wch U12"]
[Site "Montesilvano"]
[Date "2024.11.22"]
[Round "7"]
[White "Karthi, Jashith"]
[Black "Shirinov, Yashar"]
[Result "1-0"]
[WhiteElo "2073"]
[BlackElo "1642"]
[PlyCount "109"]
[EventDate "2024.11.15"]
[EventType "swiss"]
[EventRounds "11"]
[EventCountry "ITA"]
[SourceTitle "CB48_2024"]
[SourceDate "2024.11.28"]
[SourceVersion "1"]
[SourceVersionDate "2024.11.28"]
[SourceQuality "1"]

1. d4 d5 2. c4 e6 3. Nc3 Nf6 4. cxd5 exd5 5. Bg5 Nbd7 6. e3 c6 7. Bd3 Be7 8. Qc2 0-0 9. Nge2 Re8 10. 0-0 Nf8 11. Rae1 Ng6 12. Ng3 h6 13. Bxf6 Bxf6 14. Bxg6 fxg6 15. Qxg6 Re6 16. Qd3 b5 17. Nce2 a5 18. Nf4 Rd6 19. Nf5 Rd7 20. Rc1 Rc7 21. Ng3 b4 22. Qg6 Ba6 23. Ne6 Qd6 24. Nxc7 Qxc7 25. Rfd1 Rf8 26. Nh5 Be2 27. Nxf6+ Rxf6 28. Qe8+ Kh7 29. Re1 Bd3 30. Qe5 Qf7 31. f3 Rf5 32. Qg3 Rg5 33. Qf2 Qg6 34. h4 Rf5 35. Qd2 Bb5 36. Qc2 h5 37. Rcd1 Kg8 38. Qf2 a4 39. e4 dxe4 40. Rxe4 Bc4 41. Re5 Bxa2 42. Qc2 Rg5 43. Qxg6 Rxg6 44. Ra1 Bb3 45. Re8+ Kf7 46. Rb8 Ke6 47. Rxb4 Kd5 48. Re1 Re6 49. Rxe6 Kxe6 50. Kf2 g6 51. Ke3 Kd5 52. Kd2 Ke6 53. Kc3 Bd1 54. Rb8 Be2 55. Re8+ 1-0

[Event "Wch U12"]
[Site "Montesilvano"]
[Date "2024.11.19"]
[Round "5"]
[White "Karthi, Jashith"]
[Black "Mamikonyan, Artem T"]
[Result "0-1"]
[WhiteElo "2073"]
[BlackElo "1918"]
[PlyCount "86"]
[EventDate "2024.11.15"]
[EventType "swiss"]
[EventRounds "11"]
[EventCountry "ITA"]
[SourceTitle "CB48_2024"]
[SourceDate "2024.11.28"]
[SourceVersion "1"]
[SourceVersionDate "2024.11.28"]
[SourceQuality "1"]

1. d4 d5 2. c4 e6 3. Nc3 Nf6 4. Nf3 Nbd7 5. cxd5 exd5 6. Bg5 h6 7. Bh4 c6 8. e3 g5 9. Bg3 Nh5 10. Qc2 Nxg3 11. hxg3 Bg7 12. Bd3 Nb6 13. 0-0 Be6 14. Rfe1 Qd6 15. e4 0-0-0 16. Nb5 Qd7 17. e5 Bf8 18. a4 a5 19. Nd2 Kb8 20. Nd6 Bxd6 21. exd6 Qxd6 22. Qc3 Qb4 23. Nb3 Nc4 24. Bxc4 dxc4 25. Nc5 Rhe8 26. Nxe6 Rxe6 27. Rxe6 Qxc3 28. bxc3 fxe6 29. Re1 b5 30. Rb1 Rd5 31. g4 e5 32. axb5 cxb5 33. dxe5 Rxe5 34. g3 Kc7 35. f4 Rd5 36. Kf2 Kb6 37. Rh1 b4 38. Rxh6+ Kb5 39. cxb4 axb4 40. Rh8 c3 41. f5 c2 42. Rc8 Rc5 43. Rb8+ Kc4 0-1

[Event "Wch U12"]
[Site "Montesilvano"]
[Date "2024.11.18"]
[Round "4"]
[White "Sobirov, Afruzbek"]
[Black "Karthi, Jashith"]
[Result "1/2-1/2"]
[WhiteElo "1928"]
[BlackElo "2073"]
[PlyCount "82"]
[EventDate "2024.11.15"]
[EventType "swiss"]
[EventRounds "11"]
[EventCountry "ITA"]
[SourceTitle "CB48_2024"]
[SourceDate "2024.11.28"]
[SourceVersion "1"]
[SourceVersionDate "2024.11.28"]
[SourceQuality "1"]

1. e4 c5 2. Nf3 e6 3. Qe2 Nc6 4. g3 g6 5. Bg2 Bg7 6. 0-0 Nge7 7. c3 e5 8. d4 cxd4 9. cxd4 exd4 10. Bf4 0-0 11. Bd6 Re8 12. Qc4 Na5 13. Qc1 Qb6 14. Bc5 Qa6 15. Nbd2 d3 16. b4 Nac6 17. a4 b5 18. a5 d6 19. Bxd6 Be6 20. Ra3 Rad8 21. Bc5 Ne5 22. Nxe5 Bxe5 23. f4 Bd4+ 24. Bxd4 Rxd4 25. f5 gxf5 26. exf5 Bd5 27. Bxd5 Rxd5 28. Ne4 d2 29. Qa1 d1Q 30. Rxd1 Rxd1+ 31. Qxd1 Nxf5 32. Qg4+ Ng7 33. Rf3 h5 34. Qh4 Kf8 35. Nf6 Re1+ 36. Kf2 Qe6 37. Nd7+ Ke8 38. Nf6+ Kf8 39. Nd7+ Ke8 40. Nf6+ Kf8 41. Nd7+ Ke8 1/2-1/2

[Event "Wch U12"]
[Site "Montesilvano"]
[Date "2024.11.16"]
[Round "2"]
[White "Hallmundarson, Birkir"]
[Black "Karthi, Jashith"]
[Result "0-1"]
[WhiteElo "1914"]
[BlackElo "2073"]
[PlyCount "82"]
[EventDate "2024.11.15"]
[EventType "swiss"]
[EventRounds "11"]
[EventCountry "ITA"]
[SourceTitle "CB48_2024"]
[SourceDate "2024.11.28"]
[SourceVersion "1"]
[SourceVersionDate "2024.11.28"]
[SourceQuality "1"]

1. Nf3 d5 2. d4 Nf6 3. c4 e6 4. Nc3 dxc4 5. e3 a6 6. Bxc4 b5 7. Bb3 Bb7 8. 0-0 Nbd7 9. Qe2 Be7 10. Rd1 0-0 11. a3 c5 12. dxc5 Qc7 13. Ba2 Bxc5 14. b4 Bd6 15. Bb2 Bxf3 16. Qxf3 Bxh2+ 17. Kh1 Ne5 18. Qe2 Neg4 19. Rac1 Bg1 20. g3 Bxf2 21. Ne4 Qb7 22. Bd5 Nxd5 23. Rxd5 exd5 24. Nxf2 d4+ 25. Kg1 Nxe3 26. Ng4 Qe4 27. Nh2 Rac8 28. Rc5 Rxc5 29. bxc5 d3 30. Qf2 Nd1 31. Qd4 Qe1+ 32. Nf1 Nxb2 33. Qxb2 Qe2 34. Qd4 Re8 35. c6 d2 36. Nxd2 Qe3+ 37. Qxe3 Rxe3 38. a4 Rxg3+ 39. Kf2 Rc3 40. axb5 axb5 41. Ke2 Rxc6 0-1

[Event "San Jose 1000 GM Labor Day op"]
[Site "San Jose"]
[Date "2024.09.01"]
[Round "5"]
[White "Ubaldo Suarez, Maria Gisela"]
[Black "Karthi, Jashith"]
[Result "0-1"]
[WhiteElo "1958"]
[BlackElo "2066"]
[PlyCount "81"]
[EventDate "2024.08.30"]
[EventType "swiss"]
[EventRounds "9"]
[EventCountry "USA"]
[SourceTitle "EXT 2025"]
[Source "ChessBase"]
[SourceDate "2024.10.14"]
[SourceVersion "1"]
[SourceVersionDate "2024.10.14"]
[SourceQuality "1"]

1. d4 d5 2. Nf3 Nf6 3. c4 e6 4. Nc3 dxc4 5. e3 a6 6. Bxc4 b5 7. Bd3 Bb7 8. 0-0 Nbd7 9. a3 c5 10. Re1 Be7 11. Bc2 0-0 12. Ne5 Nxe5 13. dxe5 Qxd1 14. Rxd1 Nd5 15. Ne4 f5 16. exf6 Nxf6 17. Ng3 Rad8 18. Bd2 Ng4 19. f3 Ne5 20. Bc3 Nc4 21. Nf1 Rd5 22. e4 Rxd1 23. Rxd1 b4 24. axb4 cxb4 25. Be1 a5 26. b3 Na3 27. Bd3 Rd8 28. Be2 Rxd1 29. Bxd1 Nb5 30. Be2 Nc3 31. Bc4 Kf7 32. Bf2 Bc6 33. Ne3 a4 34. bxa4 Bxa4 35. Bd3 b3 36. Nc4 Bb5 37. Ne5+ Ke8 38. Bxb5+ Nxb5 39. Nc4 Na3 40. Nxa3 Bxa3 41. Bd4 0-1

[Event "Pan American-ch U12 34th"]
[Site "Orlando"]
[Date "2024.07.19"]
[Round "8"]
[White "Liu, Patrick"]
[Black "Karthi, Jashith"]
[Result "1/2-1/2"]
[WhiteElo "2112"]
[BlackElo "2123"]
[PlyCount "60"]
[EventDate "2024.07.15"]
[EventType "swiss"]
[EventRounds "9"]
[EventCountry "USA"]
[SourceTitle "EXT 2025"]
[Source "ChessBase"]
[SourceDate "2024.10.14"]
[SourceVersion "1"]
[SourceVersionDate "2024.10.14"]
[SourceQuality "1"]
[WhiteTeam "USA"]
[BlackTeam "USA"]

1. e4 c5 2. Nf3 e6 3. d4 cxd4 4. Nxd4 Nf6 5. Nc3 Nc6 6. Nxc6 bxc6 7. e5 Nd5 8. Ne4 Qc7 9. f4 a5 10. c4 Bb4+ 11. Ke2 0-0 12. cxd5 cxd5 13. Nf2 d6 14. Nd3 dxe5 15. Nxe5 f6 16. Nf3 e5 17. a3 Ba6+ 18. Kf2 Bc5+ 19. Kg3 Bb7 20. h4 Bd6 21. Kh2 e4 22. Nd4 Bxf4+ 23. Bxf4 Qxf4+ 24. g3 Qe5 25. Bh3 f5 26. Ne2 f4 27. gxf4 Rxf4 28. Nxf4 Qxf4+ 29. Kg1 Qg3+ 30. Bg2 Qe3+ 1/2-1/2

[Event "Sunnyvale 1000 GM GpB 05"]
[Site "Sunnyvale"]
[Date "2024.05.12"]
[Round "4.5"]
[White "Karthi, Jashith"]
[Black "Filgueiras, Nathan Felipe"]
[Result "0-1"]
[WhiteElo "2113"]
[BlackElo "2284"]
[PlyCount "86"]
[EventDate "2024.05.11"]
[EventType "schev"]
[EventRounds "5"]
[EventCountry "USA"]
[SourceTitle "CBM 220 Extra"]
[Source "ChessBase"]
[SourceDate "2024.07.31"]
[SourceVersion "1"]
[SourceVersionDate "2024.07.31"]
[SourceQuality "1"]

1. d4 Nf6 2. c4 e6 3. Nc3 Bb4 4. f3 d5 5. a3 Bxc3+ 6. bxc3 c5 7. cxd5 Nxd5 8. dxc5 f5 9. Nh3 Qa5 10. Nf4 Nc6 11. Nxd5 exd5 12. Qd3 Qxc5 13. Be3 Qd6 14. Rd1 Be6 15. c4 0-0-0 16. Bg5 Rd7 17. cxd5 Qe5 18. f4 Qxd5 19. Qxd5 Rxd5 20. Rxd5 Bxd5 21. e3 Re8 22. Kf2 Re6 23. Bb5 a6 24. Bxc6 Rxc6 25. Re1 Kd7 26. Re2 Rc3 27. Rd2 Ke6 28. Be7 Kxe7 29. Rxd5 Rxa3 30. Rxf5 b5 31. Re5+ Kd6 32. Re8 b4 33. Ke2 a5 34. Ra8 a4 35. Kd2 Ra2+ 36. Kc1 a3 37. g4 Rxh2 38. Kb1 Kd5 39. Rd8+ Kc4 40. e4 b3 41. Rc8+ Kd4 42. Rd8+ Kxe4 43. Rd1 Kxf4 0-1

[Event "Sunnyvale 1000 GM GpB 05"]
[Site "Sunnyvale"]
[Date "2024.05.11"]
[Round "1.3"]
[White "Mieles Palau, Daniel Alberto"]
[Black "Karthi, Jashith"]
[Result "1/2-1/2"]
[WhiteElo "2342"]
[BlackElo "2113"]
[PlyCount "51"]
[EventDate "2024.05.11"]
[EventType "schev"]
[EventRounds "5"]
[EventCountry "USA"]
[SourceTitle "CBM 220 Extra"]
[Source "ChessBase"]
[SourceDate "2024.07.31"]
[SourceVersion "1"]
[SourceVersionDate "2024.07.31"]
[SourceQuality "1"]

1. Nf3 d5 2. e3 Nf6 3. c4 e6 4. Nc3 b6 5. b3 Bb7 6. Bb2 Nbd7 7. cxd5 exd5 8. d4 Bd6 9. g3 0-0 10. Bg2 Bb4 11. 0-0 Ne4 12. Ne2 Qe7 13. Nf4 Ba6 14. Nd3 Ba3 15. Bxa3 Qxa3 16. Re1 Ndf6 17. Nfe5 c5 18. dxc5 bxc5 19. Qc1 Qxc1 20. Raxc1 Rac8 21. f3 Bxd3 22. Nxd3 c4 23. bxc4 dxc4 24. Ne5 Nd2 25. Rc2 Rfe8 26. Rxd2 1/2-1/2

[Event "Santa Clara 1000 GM Schev4 03"]
[Site "Santa Clara"]
[Date "2024.03.09"]
[Round "2.2"]
[White "Jaquez, Juan Manuel"]
[Black "Karthi, Jashith"]
[Result "1/2-1/2"]
[WhiteElo "2170"]
[BlackElo "2039"]
[PlyCount "60"]
[EventDate "2024.03.06"]
[EventType "schev"]
[EventRounds "5"]
[EventCountry "USA"]
[SourceTitle "CBM 219 Extra"]
[Source "ChessBase"]
[SourceDate "2024.05.31"]
[SourceVersion "1"]
[SourceVersionDate "2024.05.31"]
[SourceQuality "1"]

1. e4 e5 2. Nf3 Nc6 3. Bb5 a6 4. Ba4 Nf6 5. 0-0 Be7 6. Re1 b5 7. Bb3 d6 8. c3 0-0 9. h3 Nb8 10. d4 Nbd7 11. Nbd2 Bb7 12. Bc2 Re8 13. Nf1 Bf8 14. Ng3 g6 15. a4 Bg7 16. b3 d5 17. dxe5 Nxe4 18. Nxe4 dxe4 19. Bg5 Qc8 20. Bxe4 Nxe5 21. Bxb7 Qxb7 22. Nxe5 Rxe5 23. Rxe5 Bxe5 24. axb5 axb5 25. Rxa8+ Qxa8 26. Qe1 Bg7 27. c4 bxc4 28. bxc4 Qa1 29. Kf1 Qa4 30. Kg1 Qa1 1/2-1/2

[Event "Sunnyvale 1000 GM Thanksgiving IM1"]
[Site "Sunnyvale"]
[Date "2023.11.23"]
[Round "2"]
[White "Karthi, Jashith"]
[Black "Villar Perez, Samuel"]
[Result "0-1"]
[WhiteElo "2120"]
[BlackElo "2280"]
[PlyCount "154"]
[EventDate "2023.11.22"]
[EventType "schev"]
[EventRounds "9"]
[EventCountry "USA"]
[SourceTitle "CBM 217 Extra"]
[Source "ChessBase"]
[SourceDate "2024.01.31"]
[SourceVersion "1"]
[SourceVersionDate "2024.01.31"]
[SourceQuality "1"]

1. d4 d5 2. c4 e6 3. Nc3 Nf6 4. cxd5 exd5 5. Bg5 c6 6. e3 Be7 7. Bd3 0-0 8. Nge2 Nbd7 9. Qc2 Re8 10. 0-0 Nf8 11. Rab1 a5 12. a3 b5 13. Rfc1 Bd7 14. Ng3 g6 15. Bf1 Ne6 16. Bxf6 Bxf6 17. a4 b4 18. Nd1 Rc8 19. Qd2 h5 20. Ba6 Rc7 21. b3 c5 22. dxc5 Nxc5 23. Bb5 Bxb5 24. axb5 d4 25. b6 Rc8 26. exd4 Bxd4 27. Nf1 Ne6 28. Rxc8 Qxc8 29. Nfe3 Bxb6 30. Nc4 Qd8 31. Qxd8 Bxd8 32. Nde3 Nd4 33. Nd6 Re6 34. Nb7 Bg5 35. Nc4 h4 36. Nbxa5 h3 37. gxh3 Re2 38. Rd1 Bf6 39. Ne3 Ra2 40. Ng4 Bg7 41. Nc4 Nxb3 42. Rb1 Ra1 43. Rxa1 Nxa1 44. Nge3 b3 45. Nd1 Kh7 46. Kg2 Kh6 47. Kg3 Kh5 48. f4 Nc2 49. Ndb2 Na3 50. Nxa3 Bxb2 51. Nb1 Bc1 52. Nc3 Bd2 53. Nb1 Bb4 54. f5 g5 55. f6 Kg6 56. Kg4 Be1 57. Kf3 Kxf6 58. Ke2 Ba5 59. Kd3 Bc7 60. Kc3 Kf5 61. Kxb3 Bxh2 62. Kc4 Kf4 63. Nd2 Kg3 64. Ne4+ Kh4 65. Kd3 f5 66. Nd2 Kxh3 67. Ke2 g4 68. Nf1 Bg1 69. Nd2 Kg2 70. Kd3 Ba7 71. Nc4 f4 72. Ke4 f3 73. Kf4 g3 74. Nd2 f2 75. Kg4 Be3 76. Nc4 Bc1 77. Ne3+ Bxe3 0-1

[Event "Sunnyvale Independence Day op"]
[Site "Sunnyvale"]
[Date "2023.07.02"]
[Round "4"]
[White "Karthi, Jashith"]
[Black "Rivera, Ingris"]
[Result "1/2-1/2"]
[WhiteElo "1979"]
[BlackElo "2240"]
[PlyCount "82"]
[EventDate "2023.06.30"]
[EventType "swiss"]
[EventRounds "9"]
[EventCountry "USA"]
[SourceTitle "EXT 2024"]
[Source "ChessBase"]
[SourceDate "2023.10.10"]
[SourceVersion "1"]
[SourceVersionDate "2023.10.10"]
[SourceQuality "1"]

1. d4 Nf6 2. c4 g6 3. Nc3 Bg7 4. Nf3 0-0 5. Bg5 c5 6. d5 d6 7. e3 Bf5 8. Bd3 Bxd3 9. Qxd3 Na6 10. a3 Nc7 11. 0-0 Rb8 12. h3 a6 13. a4 Qd7 14. a5 b5 15. axb6 Rxb6 16. Qe2 Rfb8 17. Ra2 h6 18. Bxf6 Bxf6 19. e4 Rb4 20. e5 Bg7 21. Re1 Qf5 22. exd6 exd6 23. Qe7 Ne8 24. Rxa6 Rxc4 25. Nh4 Qf6 26. Qxf6 Nxf6 27. Nf3 Rxb2 28. Nd1 Rb8 29. Ne3 Rcb4 30. Rxd6 Ne4 31. Rc6 Rd8 32. Nc2 Ra4 33. Ne3 Ra2 34. Ng4 Nd2 35. Nxd2 Rxd2 36. Rxc5 R2xd5 37. Rxd5 Rxd5 38. Re8+ Kh7 39. Re7 Kg8 40. Re8+ Kh7 41. Re7 Kg8 1/2-1/2